000 01008nam a2200325Ia 4500
003 OSt
005 20220912145406.0
006 a|||||r|||| 00| 0
007 ta
008 220909b |||||||| |||| 00| 0 eng d
020 _a818387021X (hbd)
024 _a84049
037 _b368, 12/03/2009, Dhanraj Book House
037 _cTextual
040 _aCSL
_beng
_cCSL
041 _aeng
082 _aY5926:7, P6
100 _aSaksena H S Ed.
245 0 _aScheduled tribes and devlopment
260 _aNew Delhi
_bSerials Publications
_c2006
300 _axxviii, 561p.
_ccm.
500 _a''Includes bibliographical references''.
650 _a Globalisation
650 _a Tribal studies
650 _aAnthropology
700 _a Choudhury Sukant K Ed.
700 _a Srivastava Vinay Kumar Ed.
942 _hY5926:7, P6
_cTEXL
_2CC
999 _c30667
_d30667